000 00840 a2200217 4500
001 47276
020 _a9788506081389
020 _qbroch.
041 _apor
082 _a[E]
100 _aAlphen, Jean-Claude
520 _aEra uma vez um famoso patinho que sabia contar até quatro. E descobriu que nem sempre 1 + 1 é igual a 2. Neste livro, Jean Claude teve uma ideia incrível. Resgata um importante personagem da literatura infantil, o Patinho Feio, e com a sua história, traz os conceitos primários da matemática para os pequenos.
697 _aNúmeros
856 _u000030/00003072.jpg
040 _aBR-BrIDEA
_cBR-BrIDEA
090 _aSK [E]
_bALP
245 1 0 _aO patinho matemático
_cJean-Claude Alphen
260 _aSão Paulo, SP
_bMelhoramentos
_c2017
300 _a1 v. (sem paginação)
_bcol. ill.
942 _cBK
999 _c47276
_d47276